000 00461 a2200145 4500
999 _c41605
_d41605
003 OSt
005 20221006152510.0
008 221006b ||||| |||| 00| 0 eng d
020 _a9789556040371
040 _coclc
082 _a664.8
_bMEN/H
245 _aGMP AND HACCP/
_bA handbook for small and medium scale food processing enterprises
260 _bCeylon chamber of commerce,
_c2009.
942 _2ddc
_cBK
_h664.8
_iMEN/H
_k664.8
_mMEN/H